000 00501nam a22001817a 4500
003 BD-ChCU
005 20260122141227.0
008 260122b bg ||||| |||| 00| 0 ben d
040 _cBD-ChCU
082 _a364 SUP
100 _aSutherland , Edwin H.
_919579
245 _aPrinciples of criminology ./
_cH. Edwin , Sutherland .
250 _a3rd rev.ed .
260 _aChicago :
_bLippincott ,
_cC 1939
300 _avii , 651p
650 0 _aCrime and Criminology .
_919580
942 _2ddc
_cBK
_n0
999 _c111222
_d111222